| 000 | 00525nam a22001937a 4500 | ||
|---|---|---|---|
| 005 | 20170818164936.0 | ||
| 008 | 170818b1973 sp oa|||r|||| 00| 0 spa d | ||
| 040 |
_aCO-BoIAVH _cCO-BoIAVH |
||
| 041 | _aspa | ||
| 044 | _ack | ||
| 082 |
_a551 _bF73a |
||
| 100 | 1 | _aFont-Altaba, M. | |
| 245 | 1 | 0 | _aAtlas de geología |
| 260 |
_aBarcelona: _bEdiciones Jover, _c1973. |
||
| 300 |
_a80 páginas _bargollado _c13 x 20 cm. |
||
| 650 | 0 |
_aGeología _vatlases |
|
| 700 | 1 | _aSan Miguel A. | |
| 942 |
_2ddc _cLIBRO |
||
| 999 |
_c19765 _d19765 |
||